| 000 | 00844nam a2200217Ia 4500 | ||
|---|---|---|---|
| 999 |
_c40249 _d40249 |
||
| 001 | 6857 | ||
| 003 | GE_BSU | ||
| 005 | 20230807124107.0 | ||
| 008 | 181216s2001||||ru |||||||||||||| ||rus|| | ||
| 040 | _cGE_BSU | ||
| 041 | _arus | ||
| 080 | _a544(075.8) Н-62 | ||
| 100 |
_aБолдырев, А.И. _919625 |
||
| 245 |
_aФизическая и коллоидная химия : _bУчебник для сельскохозяйственных вузов / _cА. И. Болдырев ; Ред. Г. С. Гольденберг. |
||
| 250 | _a2-е изд.перераб.и доп. | ||
| 264 |
_aМасква : _bВысш.шк., _c1983. |
||
| 300 |
_a408 стр. ; _bс илл. _c20 cm. |
||
| 653 | _aФизическая и коллоидная химия | ||
| 700 |
_aГольденберг, Г. С. _cредактор _919626 |
||
| 942 |
_cBK _2udc |
||